000 00224nam a2200085Ia 4500
008 170620s9999 xx 000 0 und d
100 _aBare- Act
245 0 _aCODE OF CIVIL PROCEDURE : AMENDMENT ACT 2002
260 _bAllahabad Law Agency
260 _c2002
999 _c29378
_d29378